| 000 | 00749nam a22002057a 4500 | ||
|---|---|---|---|
| 999 |
_c18774 _d18774 |
||
| 003 | AR-CdUCM | ||
| 008 | 190515b ||||| |||| 00| 0 spa d | ||
| 040 |
_aMUNICIPALIDAD PROVINCIAL DEL CUSCO _cBIBLIOTECA MUNICIPAL DEL CUSCO |
||
| 082 |
_a658.4 / _bC22 |
||
| 100 |
_aCampoverde Ayres, José _939571 |
||
| 245 | _aGerencia eficaz mediante objetivos / | ||
| 260 |
_aLima : _bTécnico científica, _c1986. |
||
| 300 |
_a405 páginas ; _c22 cm. |
||
| 505 | _aContenido : Preparándose para dirigir a los de mas -- La organización para obtener resultados -- La administración por objetivos ... | ||
| 650 |
_aAdministración _94472 |
||
| 650 |
_aLiderazgo _93124 |
||
| 650 |
_aEvaluación _99938 |
||
| 942 |
_2ddc _cLIBROS |
||
| 945 |
_arah _d2019/05/15 |
||